US states closest country by size - Statistics

General Stats
  • This quiz has been taken 6 times
  • The average score is 3 of 55
Answer Stats
State Country % Correct
Alaska Iran
80%
Alabama Greece
40%
U.S. Virgin Islands Andorra
20%
Texas France
20%
Montana Germany
20%
California Japan
20%
Northern Mariana Islands Malta
20%
New Mexico Poland
20%
American Samoa Saint Vincent and the Grenadines
20%
New Jersey Albania
0%
South Carolina Austria
0%
Guam Bahrain
0%
Arkansas Bangladesh
0%
Maryland Belgium
0%
Connecticut Brunei
0%
Oklahoma Cambodia
0%
Rhode Island Cape Verde
0%
Mississippi Cuba
0%
Ohio Cuba
0%
Delaware Cyprus
0%
Puerto Rico Cyprus
0%
Pennsylvania Czech Republic
0%
Tennessee Czech Republic
0%
Florida Ecuador
0%
Hawaii Fiji
0%
Lousiana Greece
0%
New York Greece
0%
North Dakota Guatemala
0%
Wyoming Guyana
0%
Maine Honduras
0%
South Dakota Hungary
0%
Wisconsin Iceland
0%
Arizona Italy
0%
North Carolina Jordan
0%
Vermont Kuwait
0%
Missouri Kyrgyzstan
0%
Idaho Laos
0%
Georgia Nepal
0%
Colorado New Zealand
0%
Michigan New Zealand
0%
Indiana Portugal
0%
Washington Portugal
0%
Kansas Romania
0%
Iowa Senegal
0%
Utah Senegal
0%
Kentucky Sierra Leone
0%
New Hampshire Slovenia
0%
Nebraska Syria
0%
Massachusetts Taiwan
0%
West Virginia Taiwan
0%
Illinois Tunisia
0%
Oregon Tunisia
0%
Minnesota Uganda
0%
Virginia Uganda
0%
Nevada Uruguay
0%
No matching quizzes found
Score Distribution
Percent of People with Each Score
Percentile by Number Answered
Your Score History
You have not taken this quiz